Регионална библиотека "Любен Каравелов" - Русе

Вукова преписка (Запис номер 345949)

MARC детайли
000 -Лидер
Контролно поле с фиксирана дължина 01241nam a2200277 c 4500
003 - Код на организацията, давaща контролен номер
Контролно поле BLK
005 - Дата и час на последна редакция
Контролно поле 20191010174544.0
008 - Елементи от данни с фиксирана дължина
fixed length control field 180911b bul|||||r ||||||| ||bul||
010 ## - Наследен системен номер
LC control number 003960
040 ## - Източник на каталожния запис
Идентификатор на билиотеката - собственик на записа BLK
041 ## - Код за език
Код за езика на текст/звукозапис или на отделно заглавие Сръбски
Код за езика КДБФ Български
080 ## - УДК
Текстов определител УДК Караджич, Вук
УДК определител 886.1-692
УДК - код + определител 886.1-692
100 1# - Редна дума - Автор
Авторска отговорност първи автор
R(LIN) 400286
245 10 - Сведения за заглавието
Заглавие Вукова преписка
Том Кн. Друга
246 ## - Различни форми на заглавието
Паралелно заглавие Кн. 1 - 7.
260 ## - Област на издателските данни
Място на издаване, разпространение и проч. Београд
Име на издателя, разпространителя и проч. Дръж. изд.
Година на издаване 1907 - 1913
Печатница Држ. штамп.
Дата на отпечатване 1907
300 ## - Физическа характеристика
Страници ХХIV, 859 с.
Размери/Мащаб 24 см
380 ## - Жанр
Жанр Литературознание
490 ## - СЕРИИ (Колекции)
Име на серия Частна колекция - Академик Михаил Арнаудов
Бележки за серията Дарение - Основен фонд
520 ## - Забележка за наличие на резюме, анотация и т.н
Анотация, рецензия, сканиран текст Михаил Арнаудов: на други лица-книга
520 ## - Забележка за наличие на резюме, анотация и т.н
Анотация, рецензия, сканиран текст Печат на Държ. библ.- Ниш : Т. 1-4, 6.
650 ## - Допълнително описание по предмет – тема
Основно описание – тема или топоним Биографии
9 (RLIN) 148657
655 ## - Ключова дума – жанр/разновидност
Данни за жанр/разновидност или ключова дума за фокус сръбска литература
852 ## - Местоположение
Форматна сигнатура МА 4287
999 ## - СИСТЕМНИ КОНТРОЛНИ НОМЕРА
Koha biblionumber 345949
Koha biblioitemnumber 345949
942 ## - АРТИКУЛИ
Вид на библиотечния материал Книги
Скрит в OPAC Не
Периодичен библиозапис Да
944 ## - СЪЗДАВАНЕ И РЕДАКЦИЯ на ЗАПИСА
Създаване/Редакция Създаване
Дата на регистрацията/редакция 1994
999 ## - СИСТЕМНИ КОНТРОЛНИ НОМЕРА
Koha biblioitemnumber 344295
Наличности
Код за отписване Код за изгубен артикул Източник на класификационната схема Код за повреда Коз за рестрикции Код за отдаване Артикулен № Име на библиотеката - собственик Име на библиотеката, в която се намира в момента Статус (Текущо местоположение) Местоположение - отдел Цена в лева Номерация (Хронология) Инвентарен номер Систематично азбучна сигнатура Баркод Номер на екземпляра Цена в евро Служебен тип на артикула
  Не е изгубен Universal Decimal Classification Не е повреден без рестрикции Специални фондове ( старопечатни, редки и ценни, фонд М. Арнаудов) 744678 Регионална библиотека "Любен Каравелов" Русе Регионална библиотека "Любен Каравелов" Русе Фонд "Михаил Арнаудов" Фонд "Михаил Арнаудов" 100.00   589446 МА 4287 120000589446 2 51.13 Книги
Vip Innovations Ltd, Rousse, Bulgaria 2025